Statistics for Dutch Words Quiz

Click here to take the quiz!

General Stats

  • This quiz has been taken 46 times
  • The average score is 13 of 15

Answer Stats

DutchEnglish% Correct
VriendFriend
100%
HuisHouse
100%
StadCity
97%
HondDog
97%
PaardHorse
97%
ZonSun
97%
TafelTable
97%
MeisjeGirl
93%
SapJuice
90%
BoomTree
90%
BrilGlasses
83%
FietBike
80%
TuinGarden
80%
VrachtwagenTruck
77%
GrappigFunny
47%

Score Distribution

Percentile by Number Answered

Percent of People with Each Score

Your Score History

You have not taken this quiz